Вып. 37; Холодильная техника и технология

Bibliographische Detailangaben
Parent link:Холодильная техника и технология: республиканский межведомственный научно-технический сборник/ Одесский институт низкотемпературной техники и энергетики ; под ред. И. Г. Чумака. Вып. 37.— , 1965-1992
Sprache:Russisch
Veröffentlicht: 1983
Schlagworte:
Format: Buch
KOHA link:https://koha.lib.tpu.ru/cgi-bin/koha/opac-detail.pl?biblionumber=293671

MARC

LEADER 00000nam2a2200000 4500
001 293671
005 20231102000621.0
035 |a (RuTPU)RU\TPU\book\318711 
035 |a RU\TPU\book\308011 
090 |a 293671 
100 |a 20150505d1983 k y0rusy50 ca 
101 0 |a rus 
102 |a UA 
105 |a a z 001zy 
200 0 |a Вып. 37 
210 |d 1983 
215 |a 98 с.  |c ил. 
320 |a Библиография в конце статей 
461 1 |0 (RuTPU)RU\TPU\book\193004  |t Холодильная техника и технология  |o республиканский межведомственный научно-технический сборник  |f Одесский институт низкотемпературной техники и энергетики ; под ред. И. Г. Чумака  |v Вып. 37  |d 1965-1992 
606 1 |a Холодильная техника в целом  |2 stltpush  |3 (RuTPU)RU\TPU\subj\17486  |9 43112 
610 1 |a холодильные установки 
610 1 |a создание 
610 1 |a охлаждение 
610 1 |a пищевые продукты 
610 1 |a охлаждающие устройства 
610 1 |a теплообменные аппараты 
610 1 |a турбохолодильные машины 
610 1 |a холодильные агрегаты 
610 1 |a теплофизические свойства 
675 |a 621.56  |v 4 
801 1 |a RU  |b 63413507  |c 20110412 
801 2 |a RU  |b 63413507  |c 20170720  |g RCR 
942 |c BK